Otros límites. Poemas

Gespeichert in:
Bibliographische Detailangaben
1. Verfasser: Derlis, Rubén
Format: Buch
Sprache:Undetermined
Veröffentlicht: Buenos Aires, Argentina Cleo 1970
Schlagworte:
Tags: Tag hinzufügen
Keine Tags, Fügen Sie den ersten Tag hinzu!

MARC

LEADER 00000nam a2200000Ia 4500
008 170316s9999 xx 000 0 und d
040 |a cru BVZT 
090 |a 860 D-7o 
100 |a Derlis, Rubén 
245 |a Otros límites. Poemas 
260 |a Buenos Aires, Argentina 
260 |b Cleo 
260 |c 1970 
300 |a 42 páginas 
650 |a LITERATURA LATINOAMERICANA 
999 |c 8635  |d 8635 
942 |c 15 D  |h 860 D-7o  |2 z